| 000 | 01013nam a22002777i 4500 | ||
|---|---|---|---|
| 003 | DO-SdBNP | ||
| 005 | 20251126102725.0 | ||
| 007 | ta | ||
| 008 | 100407s2016 dr d 000 0 spa d | ||
| 020 | _a9789945898484 | ||
| 040 |
_aDO-SdBNP _bspa _cBNPHU _erda |
||
| 041 | _aspa | ||
| 082 |
_axxx _bP438 _222 |
||
| 245 | 0 | 0 |
_aPerfiles estadísticos provinciales : _bprovincia Samaná / _cpresentación Pablo Tactuk. |
| 264 |
_aSanto Domingo : _bONE, _c2016. |
||
| 300 |
_a30 páginas : _bdiagramación ; _c28 cm. |
||
| 336 |
_ardacontent _btexto _2txt |
||
| 337 |
_ardamedia _bsin mediación _2n |
||
| 338 |
_ardacarrier _bvolumen _2nc |
||
| 500 | _aEsta publicación cuenta con el apoyo del Fondo de las Naciones Unidas para la infancia (UNICEF) y el Fondo de Población de las Naciones Unidas (UNFPA). | ||
| 590 | _aInventariado, 2022/ YL | ||
| 700 |
_aTactuk, Pablo _epresentación _95774 |
||
| 710 | 1 |
_aRepública Dominicana. _bOficina Nacional de Estadística _95775 |
|
| 910 | _aYLockward | ||
| 942 |
_2ddc _cLF2 |
||
| 999 |
_c51552 _d51552 |
||